Responses for show #6275 - Friday, December 23, 2011

Jason Keller game 6.

Contestants

[<< previous game]

Erin Arlow, a stay-at-home mom from Portland, Oregon

Sara Plant, a travel specialist from Redondo Beach, California

Jason Keller, a tutor from Highland Park, New Jersey (whose 5-day cash winnings total $127,000)

[next game >>]

Jeopardy! Round responses

ANIMAL TYPES
AN ABBREVIATED STORY
GERMAN CHANCELLORS SINCE WWII
SEE FOOD
NBA FINALS MVP
STOP THAT RACKET!
    $200 12
a cow (cattle)

Erin
    $200 2
bring your own beer

Jason
    $200 7
West Germany

Jason
    $200 1
Kobe Bryant

Sara
    $200 16
the FAA

Jason
    $400 13
(Jason: What's an ape?)
...
(Alex: [*]--yes indeed--one-horned.)

a rhinoceros

JasonSara
    $400 9
the Congressional Budget Office

Jason
    $400 8
Christian

Erin
    $400 26
Eggs Benedict

Jason
    $400 3
Dirk Nowitzki

Jason
    $400 17
an amplifier

Erin
    $600 25
a sloth

Erin
    $600 14
personal identification number

Jason
    $2,000 10
(Jason: What is 1991?)

1990

Jason
    $600 4
Shaquille O'Neal (The Shaq)

Jason
    $600 18
(Jason: What is booing?)
(Sarah: What's the applause?)
...
(Alex: Members of the audience were [*] a lot and John Barrymore, who had a great sense of humor and a certain streak of meanness as well, threw them a fish.)

coughing

JasonSara
Triple Stumper
    $800 24
doves

Sara
    $800 21
(Alex: That's [*]. Heard a lot about that during the wars in Iraq and Afghanistan.)

a rocket-propelled grenade

Triple Stumper
    $800 11
(Jason: What is Iraq?)
...
(Alex: Yeah, if you--if it's not Iraq, it should be [*].)

Afghanistan

JasonErin
    $800 5
Larry Bird

Jason
    $800 19
Purim

Jason
    $1000 23
butterflies

Triple Stumper
    $1000 22
(Alex: That is it, with less than a minute to go now.)

cardiopulmonary resuscitation

Erin
    $1000 15
the Iron Cross

Jason
    $1000 27
a carob

Jason
    $1000 6
Hakeem Olajuwon

Jason
    $1000 20
Metallica

Jason

Scores at the first commercial break (after clue 15):

Jason Sara Erin
$2,000 $600 $1,400

Scores at the end of the Jeopardy! Round:

Jason Sara Erin
$4,800 $800 $3,400

Double Jeopardy! Round responses

THE DREIDEL WILL ROCK
THE PULITZER PRIZE FOR FICTION
GOING THE DISTANCE
WHAT'S UP, "ESSE"?
GEMSTONES
STOP THAT RACKET!
    $400 1
David Lee Roth

Sara
    $400 24
(Alex: Right, with less than a minute to go now.)

The Good Earth

Jason
    $400 19
Detroit

Jason
    $400 5
tresses

Jason
    $400 26
J.P. Morgan

Jason
    $400 4
the protection racket

Triple Stumper
    $800 2
Bob Dylan

Sara
    $800 25
Saul Bellow

Triple Stumper
    $800 20
Berlin

Jason
    $800 6
a vessel

Sara
    $1,400 27
[The end-of-round signal sounds.]

turquoise

Jason
    $800 11
the black market

Jason
    $1200 3
Gene Simmons

Jason
    $1200 16
(Sara: Who is Erica Jong?)
(Erin: Who is Toni Morrison?)

Anne Tyler

SaraErin
Triple Stumper
    $1200 21
(Jason: What is Edinburgh?)

Cardiff (Wales)

JasonErin
    $1200 8
essential

Jason
    $1200 12
loan-sharking

Jason
    $1600 7
The Doors

Jason
    $1600 17
(Erin: Who is Oscar Yao?)

Oscar Wao

Erin
Triple Stumper
    $1600 22
great circles

Jason
    $1600 9
a presser

Sara
    $2,000 13
(Alex: Jason?)
(Jason: No. [Shakes head])

the numbers game

Jason
    $2000 15
[Alex starts to read the year in the clue as "four-", but catches himself.]
...
(Alex: Yes, he wasn't born in 1492.)

Lou Reed

Erin
    $2000 18
(Sara: What is Dreams?)

Maladies

JasonSara
    $2000 23
Maui

Triple Stumper
    $2000 10
the Bessemer process

Jason
    $2000 14
(Erin: Um... what is kidnapping and recovery insurance?)

kidnapping & ransom

SaraErin

Scores at the end of the Double Jeopardy! Round:

Jason Sara Erin
$17,000 $3,200 $1,800
(lock game)

[wagering suggestions for these scores]

Final Jeopardy! Round responses

POLITICAL WORDS
ErinWhat is pork barrel
$1,401
SaraWhat is earmarking?
$400
JasonWhat is earmark?
$3,000
earmark

Final scores:

Jason Sara Erin
$20,000 $3,600 $399
6-day champion: $147,000 2nd place: $2,000 3rd place: $1,000

Game dynamics:

Coryat scores:

Jason Sara Erin
$20,400 $3,200 $1,800
28 R
(including 1 DD),
6 W
(including 2 DDs)
8 R,
3 W
8 R,
3 W

Combined Coryat: $25,400

The J! Archive is created by fans, for fans. The Jeopardy! game show and all elements thereof, including but not limited to copyright and trademark thereto, are the property of Jeopardy Productions, Inc. and are protected under law. This website is not affiliated with, sponsored by, or operated by Jeopardy Productions, Inc. Join the discussion at JBoard.tv.